000 00687nam a2200181 a 4500
008 111207s1977 ||||||||||||||||| || u
020 _a0398027463
050 _aRK 270 Lan
100 _aSippy, Francis H
245 1 0 _aTextbook of dental radiography
_cby Olaf E. Langland and Francis H. Sippy
260 _aSpringfield, Ill.
_bCharles C Thomas
_c1977
300 _axvii, 380p.: ill.
350 _a0.00
650 _aRADIOGRAPHY
650 0 _aDENTISTRY--ATLASES
700 _aLangland, Olaf E
995 _aMEDICAL LIBRARY OPEN ACCESS
_D0.00
_e901431
_FCBU-SCHOOL OF MEDICINE LIBRARY (Ndola)
_H1
_I0.00
_jRK 270 Lan
_M1
_UAVAILABLE
_WDec 7, 2011
_y901431
_ZMedical Library Open Access Collection
999 _c32871
_d32871